• 首页
  • 本馆介绍
  • 公告通知
  • 最新文献
  • 馆藏检索
  • 电子资源
  • 读者导购
  • 参考咨询
  • 我的图书馆
  • 登录
  • 详细信息显示
  • 放入我的书架
  • 预约/预借图书
  • 作者相关作品
  • 分类相关作品
  • 丛书相关作品
  • 出版社相关作品

书目信息

  • 表格格式
  • 工作单格式
  • 卡片格式
题名:
心理学实验的设计与报告
    
 
作者: 哈里斯 , 吴艳红 著
分册:  
出版信息: 北京   人民邮电出版社  2009.4
页数: 226页
开本: 25cm
丛书名:
单 册:
中图分类: B841.4
科图分类:
主题词: 实验心理学
电子资源:
ISBN: 978-7-115-20688-6
000 01198nam0 2200289 45
001 1338814453
005 20130513163253.35
010    @a978-7-115-20688-6@dCNY39.00
100    @a20130108d2009 ekmy0chiy0120 ea
101 1  @achi@ceng
102    @aCN@b110000
105    @ay z 000yy
106    @ar
200 1  @a心理学实验的设计与报告@AXin Li Xue Shi Yan De She Ji Yu Bao Gao@dDesigning and reporting experiments in psychology@f(英)彼得·哈里斯(Peter Harris)著@F( Ying ) Bi De· Ha Li Si (Peter Harris) Zhu@g吴艳红等译@zeng
205    @a2版
210    @a北京@c人民邮电出版社@d2009.4
215    @a226页@d25cm
305    @a据原书第2版译出
306    @a本书由人民邮电出版社和美国麦格劳-希尔教育(亚洲)出版公司合作出版
330    @a本书共两编:第一编主要是围绕如何撰写实验报告而展开,详略得当地介绍了报告的每个主要组成部分,指出了各部分在撰写中应注意的问题;第二编是关于实验设计与统计方法的内容。
510 1  @aDesigning and reporting experiments in psychology@zeng
606 0  @a实验心理学
690    @aB841.4@v5
701  1 @a哈里斯@AHa Li Si@g(Harris, Peter)@4著
701  0 @a吴艳红@AWu Yan Hong@c(女)@4译
801    @aCN@bTANGWEI@c20130108
905    @b0819803-07@dB841.4@e1121=2@f5
    
    心理学实验的设计与报告=Designing and reporting experiments in psychology/(英)彼得·哈里斯(Peter Harris)著/吴艳红等译.-2版.-北京:人民邮电出版社,2009.4
    226页;25cm
    
    
    ISBN 978-7-115-20688-6:CNY39.00
    本书共两编:第一编主要是围绕如何撰写实验报告而展开,详略得当地介绍了报告的每个主要组成部分,指出了各部分在撰写中应注意的问题;第二编是关于实验设计与统计方法的内容。
●
相关链接 在E读中查询图书 在五车中查询图书 在当当中查询图书 在豆瓣中查询图书


正题名:心理学实验的设计与报告     索取号:B841.4/1121=2         预约/预借

序号 登录号 条形码 馆藏地/架位号 状态 备注
1 0819803   208198038   第一样本阅览室/ [索取号:B841.4/1121=2] 在馆    
2 0819804   208198047   第一借阅区/ [索取号:B841.4/1121=2] 在馆    
3 0819805   208198056   教育系资料室/ [索取号:B841.4/1121=2] 在馆    
4 0819806   208198065   教育系资料室/ [索取号:B841.4/1121=2] 在馆    
5 0819807   208198074   教育系资料室/ [索取号:B841.4/1121=2] 在馆    
唐山师范学院图书馆 欢迎您!
大连网信软件有限公司© 版权所有